| 000 | 00824 a2200217 4500 | ||
|---|---|---|---|
| 020 | _a0471143235 | ||
| 020 | _a9780471143239 | ||
| 040 |
_aDLC _bDLC |
||
| 082 | 0 | 0 | _a537.622 |
| 100 | 1 | _aSze, S. M., | |
| 245 | 1 | 0 |
_aPhysics of semiconductor devices _cS.M. Sze and Kwok K. Ng. |
| 250 | _a3rd ed. | ||
| 260 |
_aHoboken, N.J. : _bWiley-Interscience, _cc2007. |
||
| 300 |
_ax, 815 p. : _bill. ; _c25 cm. |
||
| 650 | 0 | _aSemiconductors. | |
| 700 | 1 |
_aNg, Kwok Kwok, _d1952- |
|
| 856 | 4 | 2 |
_3Contributor biographical information _uhttp://www.loc.gov/catdir/enhancements/fy0826/2007280778-b.html |
| 856 | 4 | 2 |
_3Publisher description _uhttp://www.loc.gov/catdir/enhancements/fy0826/2007280778-d.html |
| 856 | 4 | 2 |
_3Table of contents only _uhttp://www.loc.gov/catdir/enhancements/fy0826/2007280778-t.html |
| 942 |
_cBK _k537.622 SZE _2ddc |
||
| 999 |
_c9495 _d9495 |
||